Verfassungspolitik der Nachkriegszeit: Theorie und Praxis des bundesdeutschen Konstitutionalismus
Saved in:
| Main Author: | |
|---|---|
| Format: | Book/Monograph |
| Language: | German |
| Published: |
Darmstadt
Wiss. Buchges.
1985
|
| Series: | Erträge der Forschung
238 |
| In: |
Erträge der Forschung (238)
|
| Subjects: | |
| Online Access: | Verlag, Inhaltsverzeichnis: http://d-nb.info/860375234/04 Inhaltsverzeichnis: http://scans.hebis.de/HEBCGI/show.pl?00476888_toc.pdf |
| Author Notes: | Frank R. Pfetsch |
MARC
| LEADER | 00000cam a2200000 c 4500 | ||
|---|---|---|---|
| 001 | 024870110 | ||
| 003 | DE-627 | ||
| 005 | 20260409081328.0 | ||
| 007 | tu | ||
| 008 | 860611s1985 gw ||||| 00| ||ger c | ||
| 015 | |a 86,N16,0356 |2 dnb | ||
| 015 | |a 86,A31,1200 |2 dnb | ||
| 016 | 7 | |a 860375234 |2 DE-101 | |
| 020 | |a 3534017692 |9 3-534-01769-2 | ||
| 035 | |a (DE-627)024870110 | ||
| 035 | |a (DE-603)004768884 | ||
| 035 | |a (DE-576)025653008 | ||
| 035 | |a (DE-599)GBV024870110 | ||
| 035 | |a (OCoLC)885484410 | ||
| 035 | |a (OCoLC)16716976 | ||
| 040 | |a DE-627 |b ger |c DE-627 |e rakwb | ||
| 041 | |a ger | ||
| 044 | |c XA-DE | ||
| 050 | 0 | |a KK4444.3.A5 | |
| 082 | 0 | |a 320.943 | |
| 084 | |a 16 |2 sdnb | ||
| 084 | |a 19 |2 sdnb | ||
| 084 | |a 16 |2 sdnb | ||
| 084 | |a POL 675 |2 sfb | ||
| 084 | |a 63 |a 19 |2 sdnb | ||
| 084 | |a 3,6 |2 ssgn | ||
| 084 | |a 1 |2 ssgn | ||
| 084 | |a PL 310 |2 rvk |0 (DE-625)rvk/136949: | ||
| 084 | |a MG 15060 |2 rvk |0 (DE-625)rvk/122818:12040 | ||
| 084 | |a MG 15030 |2 rvk |0 (DE-625)rvk/122818:12037 | ||
| 084 | |a PL 376 |2 rvk |0 (DE-625)rvk/136977: | ||
| 100 | 1 | |a Pfetsch, Frank R. |d 1936-2021 |0 (DE-588)128428538 |0 (DE-627)372662285 |0 (DE-576)162541104 |4 aut | |
| 245 | 1 | 0 | |a Verfassungspolitik der Nachkriegszeit |b Theorie und Praxis des bundesdeutschen Konstitutionalismus |c Frank R. Pfetsch |
| 264 | 1 | |a Darmstadt |b Wiss. Buchges. |c 1985 | |
| 300 | |a XIV, 201 S. |b graph. Darst. |c 22 cm | ||
| 336 | |a Text |b txt |2 rdacontent | ||
| 337 | |a ohne Hilfsmittel zu benutzen |b n |2 rdamedia | ||
| 338 | |a Band |b nc |2 rdacarrier | ||
| 490 | 1 | |a Erträge der Forschung |v 238 | |
| 500 | |a Literaturverz. S. 193 - 201 | ||
| 505 | 8 | |a Literaturverz. S. 193 - 201 | |
| 583 | 1 | |a Archivierung/Langzeitarchivierung gewährleistet |f SSG |x XA-DE-BW |2 pdager |5 DE-21 | |
| 650 | 4 | |a Politologie | |
| 650 | 4 | |a Staatsrecht und Verfassungsrecht | |
| 650 | 4 | |a Rechtsgeschichte und Verfassungsgeschichte | |
| 650 | 4 | |a Rechtssoziologie | |
| 653 | 0 | |a Germany (West) |a Politics and government | |
| 653 | 0 | |a Constitutional law |a Germany (West) | |
| 689 | 0 | 0 | |d g |0 (DE-588)4090736-3 |0 (DE-627)104577800 |0 (DE-576)209274999 |a Deutschland |g Gebiet unter Alliierter Besatzung, Westzonen |2 gnd |
| 689 | 0 | 1 | |d s |0 (DE-588)4062787-1 |0 (DE-627)106130196 |0 (DE-576)209146095 |a Verfassung |2 gnd |
| 689 | 0 | |5 DE-101 | |
| 689 | 1 | 0 | |d g |0 (DE-588)4011889-7 |0 (DE-627)104732423 |0 (DE-576)208896201 |a Deutschland |g Bundesrepublik |2 gnd |
| 689 | 1 | 1 | |d s |0 (DE-588)4062787-1 |0 (DE-627)106130196 |0 (DE-576)209146095 |a Verfassung |2 gnd |
| 689 | 1 | |5 DE-101 | |
| 830 | 0 | |a Erträge der Forschung |v 238 |9 238 |w (DE-627)130109363 |w (DE-576)015641473 |w (DE-600)503589-2 |x 0174-0695 |7 am | |
| 856 | 4 | 2 | |u http://d-nb.info/860375234/04 |m B:DE-101 |q pdf/application |v 20161126003402 |x Verlag |3 Inhaltsverzeichnis |7 1 |
| 856 | 4 | 2 | |u http://scans.hebis.de/HEBCGI/show.pl?00476888_toc.pdf |m V:DE-605 |q application/pdf |3 Inhaltsverzeichnis |7 1 |
| 889 | |w (DE-627)271893869 | ||
| 935 | |a mteo | ||
| 935 | |i Blocktest | ||
| 936 | r | v | |a PL 310 |b Verfassungsgeschichte der Bundesrepublik Deutschland, einschließlich Besatzungszeit; Entstehungsgeschichte des Grundgesetzes; Verfassungsgeschichte seit der Wiedervereinigung |k Rechtswissenschaft |k Staatsrecht und Verfassungsgeschichte |k Verfassungsgeschichte |k Verfassungsgeschichte der Bundesrepublik Deutschland, einschließlich Besatzungszeit; Entstehungsgeschichte des Grundgesetzes; Verfassungsgeschichte seit der Wiedervereinigung |0 (DE-627)1271217740 |0 (DE-625)rvk/136949: |0 (DE-576)201217740 |
| 936 | r | v | |a MG 15060 |b Juristische Abhandlungen |k Politologie |k Politische Systeme einzelner Länder |k Europa, Nordamerika |k Westeuropa, Mitteleuropa |k Bundesrepublik Deutschland |k Bundesrepublik Deutschland |k Juristische Abhandlungen |0 (DE-627)1271515253 |0 (DE-625)rvk/122818:12040 |0 (DE-576)201515253 |
| 936 | r | v | |a MG 15030 |b Historische Zusammenhänge |k Politologie |k Politische Systeme einzelner Länder |k Europa, Nordamerika |k Westeuropa, Mitteleuropa |k Bundesrepublik Deutschland |k Bundesrepublik Deutschland |k Politisches System (insgesamt) |k Historische Zusammenhänge |0 (DE-627)127148921X |0 (DE-625)rvk/122818:12037 |0 (DE-576)20148921X |
| 936 | r | v | |a PL 376 |b Allgemeines |k Rechtswissenschaft |k Staatsrecht und Verfassungsgeschichte |k Staatsrecht und Verfassungsrecht |k Das Staatsrecht der Bundesrepublik Deutschland |k Staatsgebiet, Staatsvolk, Staatsgewalt |k Allgemeines |0 (DE-627)127126711X |0 (DE-625)rvk/136977: |0 (DE-576)20126711X |
| 936 | s | n | |a m100 |2 mzub |
| 936 | s | n | |a p100 |2 mzub |
| 936 | s | n | |a n100 |2 mzub |
| 951 | |a BO | ||
| 990 | |a Geschichte | ||
| 990 | |a Verfassung | ||
| 990 | |a Deutschland | ||
| 990 | |a Geschichte 1945-1949 | ||
| 990 | |a Verfassung | ||
| 990 | |a Deutschland | ||
| 992 | |a 20160630 | ||
| 993 | |a Book | ||
| 994 | |a 1985 | ||
| 998 | |g 128428538 |a Pfetsch, Frank R. |m 128428538:Pfetsch, Frank R. |d 180000 |d 180500 |e 180000PP128428538 |e 180500PP128428538 |k 0/180000/ |k 1/180000/180500/ |p 1 |x j |y j | ||
| 999 | |a KXP-PPN024870110 |e 3080536363 | ||
| BIB | |a Y | ||
| JSO | |a {"title":[{"title_sort":"Verfassungspolitik der Nachkriegszeit","subtitle":"Theorie und Praxis des bundesdeutschen Konstitutionalismus","title":"Verfassungspolitik der Nachkriegszeit"}],"recId":"024870110","physDesc":[{"extent":"XIV, 201 S.","noteIll":"graph. Darst.","noteFormat":"22 cm"}],"relMultPart":[{"language":["ger"],"part":{"number_sort":["238"],"number":["238"]},"id":{"issn":["0174-0695"],"zdb":["503589-2"],"eki":["130109363"]},"type":{"bibl":"serial"},"disp":"Erträge der Forschung","titleAlt":[{"title":"Erträge"}],"origin":[{"publisher":"Wiss. Buchges.","dateIssuedKey":"1970","publisherPlace":"Darmstadt","dateIssuedDisp":"1970-2000"}],"pubHistory":["1.1970 - 294.2000[?]"],"dispAlt":"Erträge der Forschung","recId":"130109363","title":[{"title_sort":"Erträge der Forschung","title":"Erträge der Forschung"}]}],"origin":[{"dateIssuedDisp":"1985","publisherPlace":"Darmstadt","dateIssuedKey":"1985","publisher":"Wiss. Buchges."}],"note":["Literaturverz. S. 193 - 201"],"person":[{"given":"Frank R.","display":"Pfetsch, Frank R.","family":"Pfetsch","role":"aut"}],"type":{"bibl":"book"},"name":{"displayForm":["Frank R. Pfetsch"]},"language":["ger"],"id":{"eki":["024870110"],"isbn":["3534017692"]}} | ||
| SRT | |a PFETSCHFRAVERFASSUNG1985 | ||